00574 2200205 4500001002100000005001500021035002000036007000300056008004100059020001800100082000800118084001400126100001700140245010500157250001000262260003900272300002900311650001900340990000900359INLIS00000000000127520180122093502 a0010-0118000093ta180122 g 0 ind  a979-3931-97-4 a425 a425 IMA l0 aImam Baehaqi1 aLerning English Gramamar Through Jokes :bCara praktis dan menyenang;kan belajar tata bahasa Inggris aCet.1 aYogyakarta :bCakrawalaIlmu,c2015 a184hlm ;c13,5 x 20,5 cm aBahasa Inggris a5438